रत्न-कंगन तथा अन्य कहानियाँ: (Record no. 36768)

MARC details
000 -LEADER
fixed length control field 04098nam a22004097a 4500
005 - DATE AND TIME OF LATEST TRANSACTION
control field 20100629141657.0
010 ## - LCCN (DPL NO)
LC control number HIN-89579 B-426911-921
020 ## - INTERNATIONAL STANDARD BOOK NUMBER
International Standard Book Number 9789350001592
Terms of availability 425.00
035 ## - SYSTEM CONTROL NUMBER
System control number HN-61925
035 ## - SYSTEM CONTROL NUMBER
System control number B-426911-921
037 ## - SOURCE OF ACQUISITION
Source of stock number/acquisition DBAD / PUB
037 ## - SOURCE OF ACQUISITION
Source of stock number/acquisition एलाईड पब्लिशर्स
082 ## - DEWEY DECIMAL CLASSIFICATION NUMBER
Classification number
100 ## - MAIN ENTRY--PERSONAL NAME
Personal name कुप्रीन, अलेक्सांद्र
245 ## - TITLE STATEMENT
Title रत्न-कंगन तथा अन्य कहानियाँ:
Statement of responsibility, etc अलेक्सांद्र कुप्रीन; निर्मल वर्मा द्वारा अनुदित
Remainder of title (रूसी कथा-साहित्य) /
246 ## - VARYING FORM OF TITLE
Title proper/short title Ratn-Kangan Tatha Anya Kahaniyan/
Remainder of title by Aleksander Kuprin; ed.by Nirmal Verma
260 ## - PUBLICATION, DISTRIBUTION, ETC. (IMPRINT)
Place of publication, distribution, etc नई दिल्ली
Name of publisher, distributor, etc वाणी प्रकाशन
Date of publication, distribution, etc 2010
270 ## - ADDRESS
Address 4695, 21-ए, दरियागंज
City नई दिल्ली
Postal code 110002
300 ## - PHYSICAL DESCRIPTION
Extent 294पृ
Dimensions 22सेमी (सजिल्द)
650 ## - SUBJECT ADDED ENTRY--TOPICAL TERM
Topical term or geographic name as entry element लघु कथाएँ, हिन्दी
650 ## - SUBJECT ADDED ENTRY--TOPICAL TERM
Topical term or geographic name as entry element Short Stories, Hindi
700 ## - ADDED ENTRY--PERSONAL NAME
Personal name वर्मा, निर्मल
9 (RLIN) 20045
942 ## - ADDED ENTRY ELEMENTS (KOHA)
Source of classification or shelving scheme Dewey Decimal Classification
Item type Hindi Books
Call number suffix कुप्रीन
Classification part
Holdings
Withdrawn status Lost status Not for loan Collection code Home library Current library Date acquired Source of acquisition Cost, normal purchase price Full call number Barcode Copy number Cost, replacement price Koha item type
      Fiction Central Library Central Library 11/04/2011 एलाईड पब्लिशर्स/2847/22.3.11/80/15.3.11/29.3.11 425.00 क कुप्रीन B-426911 2 425.00 Hindi Books
      Fiction Central Library Central Library 11/04/2011 एलाईड पब्लिशर्स/2847/22.3.11/80/15.3.11/29.3.11 425.00 क कुप्रीन B-426912 2 425.00 Hindi Books
    Not For Loan Non-fiction D.B.Act.Division D.B.Act.Division 30/06/2010 DBAD / PUB 425.00 कुप्रीन HN-61925 1 425.00 Hindi Books
      Fiction Janak Puri Janak Puri 11/04/2011 एलाईड पब्लिशर्स/2847/22.3.11/80/15.3.11/29.3.11 425.00 क कुप्रीन B-426916 1   Hindi Books
      Fiction Karol Bagh Karol Bagh 11/04/2011 एलाईड पब्लिशर्स/2847/22.3.11/80/15.3.11/29.3.11 425.00 क कुप्रीन B-426920 1   Hindi Books
      Fiction Kasturba Gandhi Marg Kasturba Gandhi Marg 11/04/2011 एलाईड पब्लिशर्स/2847/22.3.11/80/15.3.11/29.3.11   क कुप्रीन B-426914 1   Hindi Books
      Fiction Patel Nagar Patel Nagar 11/04/2011 एलाईड पब्लिशर्स/2847/22.3.11/80/15.3.11/29.3.11   क कुप्रीन B-426913 1   Hindi Books
      Fiction Peshwa Road Peshwa Road 11/04/2011 एलाईड पब्लिशर्स/2847/22.3.11/80/15.3.11/29.3.11 425.00 क कुप्रीन B-426915 1   Hindi Books
      Fiction Sarojini Nagar Sarojini Nagar 11/04/2011 एलाईड पब्लिशर्स/2847/22.3.11/80/15.3.11/29.3.11 425.00 क कुप्रीन B-426917 1   Hindi Books
      Fiction Shahdara Branch Shahdara Branch 11/04/2011 एलाईड पब्लिशर्स/2847/22.3.11/80/15.3.11/29.3.11 425.00 क कुप्रीन B-426921 1   Hindi Books
      Fiction Sriniwas Puri Sriniwas Puri 11/04/2011 एलाईड पब्लिशर्स/2847/22.3.11/80/15.3.11/29.3.11 425.00 क कुप्रीन B-426918 1   Hindi Books
      Fiction Vinoba Puri Vinoba Puri 11/04/2011 एलाईड पब्लिशर्स/2847/22.3.11/80/15.3.11/29.3.11 425.00 क कुप्रीन B-426919 1   Hindi Books

© Delhi Public Library
Hit Counter
free hit counter